Hermandades de Jaén - Estadísticas

Estadísticas generales
  • Esta prueba ha sido intentada 34 veces
  • La puntuación promedio es 17 de 22
Estadísticas de respuestas
Día Hermandad % Correcto
Amargura
92%
Estrella
92%
Domingo de Ramos Borriquilla
88%
Madrugá El Abuelo
84%
Estudiantes
84%
Cena
80%
Expiración
80%
Domingo de Resurrección Resucitado
80%
Vera Cruz
80%
Buena Muerte
76%
Miércoles Santo Cautivo
76%
Clemencia
76%
Gran Poder
76%
Perdón
76%
Silencio
76%
Caridad
72%
Huerto
72%
Santo Sepulcro
72%
Viernes Santo Soledad
72%
Martes Santo Divino Maestro
68%
Lunes Santo Sentencia
60%
Jueves Santo La Lanzada
48%
No se encontraron pruebas coincidentes
Distribución de puntuación
Porcentaje de gente con cada puntuación
Porcentaje por número respondido
Historial de tus puntuaciones
No has intentado esta prueba.